Patient-Specific Modeling in Tomorrow's Medicine

This book reviews the frontier of research and clinical applications of Patient Specific Modeling, and provides a state-of-the-art update as well as perspectives on future directions in this exciting field. The book is useful for medical physicists, biomedical engineers and other engineers who are i...

Πλήρης περιγραφή

Λεπτομέρειες βιβλιογραφικής εγγραφής
Συγγραφή απο Οργανισμό/Αρχή: SpringerLink (Online service)
Άλλοι συγγραφείς: Gefen, Amit (Επιμελητής έκδοσης)
Μορφή: Ηλεκτρονική πηγή Ηλ. βιβλίο
Γλώσσα:English
Έκδοση: Berlin, Heidelberg : Springer Berlin Heidelberg, 2012.
Σειρά:Studies in Mechanobiology, Tissue Engineering and Biomaterials, 09
Θέματα:
Διαθέσιμο Online:Full Text via HEAL-Link
LEADER 02320nam a22005175i 4500
001 978-3-642-24618-0
003 DE-He213
005 20151126001121.0
007 cr nn 008mamaa
008 120124s2012 gw | s |||| 0|eng d
020 |a 9783642246180  |9 978-3-642-24618-0 
024 7 |a 10.1007/978-3-642-24618-0  |2 doi 
040 |d GrThAP 
050 4 |a R856-857 
072 7 |a MQW  |2 bicssc 
072 7 |a TEC009000  |2 bisacsh 
082 0 4 |a 610.28  |2 23 
245 1 0 |a Patient-Specific Modeling in Tomorrow's Medicine  |h [electronic resource] /  |c edited by Amit Gefen. 
264 1 |a Berlin, Heidelberg :  |b Springer Berlin Heidelberg,  |c 2012. 
300 |a X, 534 p.  |b online resource. 
336 |a text  |b txt  |2 rdacontent 
337 |a computer  |b c  |2 rdamedia 
338 |a online resource  |b cr  |2 rdacarrier 
347 |a text file  |b PDF  |2 rda 
490 1 |a Studies in Mechanobiology, Tissue Engineering and Biomaterials,  |x 1868-2006 ;  |v 09 
505 0 |a Fundamental concepts -- Experimental methods -- Computational modeling -- Mechanobiology in cancer. 
520 |a This book reviews the frontier of research and clinical applications of Patient Specific Modeling, and provides a state-of-the-art update as well as perspectives on future directions in this exciting field. The book is useful for medical physicists, biomedical engineers and other engineers who are interested in the science and technology aspects of Patient Specific Modeling, as well as for radiologists and other medical specialists who wish to be updated about the state of implementation. 
650 0 |a Engineering. 
650 0 |a Radiology. 
650 0 |a Medical physics. 
650 0 |a Radiation. 
650 0 |a Biomedical engineering. 
650 0 |a Biomaterials. 
650 1 4 |a Engineering. 
650 2 4 |a Biomedical Engineering. 
650 2 4 |a Medical and Radiation Physics. 
650 2 4 |a Diagnostic Radiology. 
650 2 4 |a Biomaterials. 
700 1 |a Gefen, Amit.  |e editor. 
710 2 |a SpringerLink (Online service) 
773 0 |t Springer eBooks 
776 0 8 |i Printed edition:  |z 9783642246173 
830 0 |a Studies in Mechanobiology, Tissue Engineering and Biomaterials,  |x 1868-2006 ;  |v 09 
856 4 0 |u http://dx.doi.org/10.1007/978-3-642-24618-0  |z Full Text via HEAL-Link 
912 |a ZDB-2-ENG 
950 |a Engineering (Springer-11647)